[Event "ICS rated blitz match"]
[Site "204.178.125.65"]
[Date "2001.08.05"]
[Round "?"]
[White "Hossa"]
[Black "nyul"]
[Result "1-0"]
[WhiteElo "2538"]
[BlackElo "2020"]
[PlyCount "51"]
[EventDate "2001.??.??"]

1. d4 d5 2. Bg5 Nf6 3. Nc3 e6 4. e4 dxe4 5. Nxe4 Be7 6. Nxf6+ Bxf6 7. Bxf6 Qxf6
8. c3 O-O 9. Qf3 Qxf3 10. Nxf3 Nc6 11. Kd2 Bd7 12. Bd3 a6 13. Ke3 Rad8 14. h4
h6 15. h5 Rfe8 16. Kf4 Bc8 17. Be4 Bd7 18. a4 Re7 19. b4 f5 20. Bd3 e5+ 21.
Nxe5 Nxe5 22. dxe5 Be6 23. Rad1 Bb3 24. Bc4+ Bxc4 25. Rxd8+ Kh7 26. Rhd1 {
nyul resigns} 1-0

[Event "ICS rated blitz match"]
[Site "204.178.125.65"]
[Date "2001.08.06"]
[Round "?"]
[White "nyul"]
[Black "Hossa"]
[Result "1-0"]
[WhiteElo "2018"]
[BlackElo "2540"]
[PlyCount "98"]
[EventDate "2001.??.??"]

1. e4 Nf6 2. Nc3 e5 3. Bc4 Nc6 4. d3 Na5 5. Bb3 Nxb3 6. axb3 d5 7. exd5 Bb4 8.
Nf3 Bg4 9. O-O Nxd5 10. Bd2 Bxc3 11. bxc3 Qf6 12. h3 Bxf3 13. Qxf3 Qxf3 14.
gxf3 Kd7 15. Rfe1 Rhe8 16. c4 Nf4 17. Bxf4 exf4 18. Re4 g5 19. Rae1 f5 20. Re5
Rxe5 21. Rxe5 Rf8 22. d4 a6 23. Kh2 Rf6 24. Kg2 h6 25. b4 b6 26. c3 Rc6 27. c5
bxc5 28. dxc5 Rf6 29. c4 Kc6 30. Kf1 Kb7 31. Ke2 Kc8 32. Kd3 Kd7 33. Kd4 c6 34.
Kc3 Re6 35. Rxf5 Re2 36. Rf7+ Kd8 37. Rf6 Rxf2 38. Rxc6 Rxf3+ 39. Kd4 Rxh3 40.
Rxa6 h5 41. Ra8+ Kc7 42. b5 Rb3 43. Ra7+ Kb8 44. Rg7 g4 45. c6 h4 46. Kc5 Kc8
47. Kb6 Rd3 48. Rg8+ Rd8 49. Rxd8+ Kxd8 {Hossa resigns} 1-0

[Event "ICS rated blitz match"]
[Site "204.178.125.65"]
[Date "2001.08.06"]
[Round "?"]
[White "pitel"]
[Black "Hossa"]
[Result "1-0"]
[WhiteElo "1468"]
[BlackElo "2510"]
[PlyCount "72"]
[EventDate "2001.??.??"]

1. e4 c5 2. Nf3 Nc6 3. d4 Qa5+ 4. Bd2 Qb6 5. d5 Nd4 6. Bc3 Nb5 7. Bxb5 Qxb5 8.
Na3 Qa6 9. Qd3 Qxd3 10. cxd3 d6 11. Nb5 Kd8 12. Ng5 Nh6 13. h3 b6 14. d4 Ba6
15. a4 Kd7 16. O-O Kc8 17. b4 Bxb5 18. axb5 c4 19. Rfc1 Kb7 20. Bd2 Rc8 21. Ra2
g6 22. Rac2 Bg7 23. Rxc4 Rxc4 24. Rxc4 Kb8 25. Be3 Bf8 26. Rc6 Kb7 27. e5 dxe5
28. dxe5 Bg7 29. Bf4 Re8 30. e6 f6 31. Nf7 Nxf7 32. Rc7+ Ka8 33. exf7 Rf8 34.
Rxe7 a5 35. bxa5 g5 36. Re8+ Ka7 {Hossa resigns} 1-0

[Event "ICS rated blitz match"]
[Site "204.178.125.65"]
[Date "2001.08.06"]
[Round "?"]
[White "Hossa"]
[Black "pitel"]
[Result "0-1"]
[WhiteElo "2478"]
[BlackElo "1500"]
[PlyCount "103"]
[EventDate "2001.??.??"]

1. Nf3 Nf6 2. d3 g6 3. e4 d6 4. Be2 Bg7 5. O-O O-O 6. Nc3 e5 7. Ne1 Nc6 8. f4
Nd4 9. Nf3 Nd7 10. fxe5 Nxf3+ 11. Bxf3 Nxe5 12. Be2 Nc6 13. Be3 Nd4 14. Qd2 f5
15. Bd1 c6 16. Rf2 Qe7 17. Bg5 Qc7 18. Bh6 Be6 19. Bf4 Rad8 20. Be3 Qa5 21. Bg5
Rde8 22. Bh6 Bxh6 23. Qxh6 fxe4 24. Qe3 Rxf2 25. Qxf2 Qb4 26. Nxe4 Qxb2 27.
Nf6+ Kf8 28. Nxe8+ Kxe8 29. c3 Qxa1 30. Qe1 Kd7 31. cxd4 Qxd4+ 32. Kh1 Bxa2 33.
h3 Be6 34. Qd2 Qa1 35. Kh2 b5 36. d4 a5 37. Bf3 a4 38. Qh6 Qxd4 39. Qxh7+ Kd8
40. Qb7 Qf4+ 41. Kh1 Qc1+ 42. Kh2 Bd7 43. Qb6+ Ke7 44. Qd4 a3 45. Qg7+ Kd8 46.
Qxg6 Qf4+ 47. Kh1 Kc7 48. Qc2 Qa4 49. Qa2 b4 50. Bxc6 b3 51. Qe2 Qxc6 52. Kh2 {
Hossa resigns} 0-1

[Event "ICS rated blitz match"]
[Site "204.178.125.65"]
[Date "2001.08.06"]
[Round "?"]
[White "pitel"]
[Black "Hossa"]
[Result "1-0"]
[WhiteElo "1532"]
[BlackElo "2446"]
[PlyCount "131"]
[EventDate "2001.??.??"]

1. e4 c5 2. Nf3 Nc6 3. d4 Qa5+ 4. Bd2 Qb6 5. d5 Nd4 6. Bc3 Nb5 7. Bxb5 Qxb5 8.
Na3 Qa6 9. Qd3 Qxd3 10. cxd3 d6 11. Nb5 Kd8 12. Ng5 Nh6 13. h3 b6 14. d4 Ba6
15. a4 Kd7 16. O-O Kc8 17. b4 Bxb5 18. axb5 c4 19. Rfc1 Kb7 20. Ra3 Rc8 21. Bd2
f5 22. f3 Rg8 23. Rac3 fxe4 24. fxe4 g6 25. Rxc4 Rxc4 26. Rxc4 Kb8 27. Nxh7 Nf7
28. Nxf8 Rxf8 29. Rc3 Rg8 30. Kf2 Kb7 31. Ke2 Rh8 32. Rg3 Rg8 33. h4 Rg7 34. h5
g5 35. Rc3 Rh7 36. g4 Rh8 37. Ra3 Rg8 38. Ra6 Nh6 39. Kf3 Rf8+ 40. Kg3 Nf7 41.
Kg2 Rc8 42. Kf3 Rc4 43. Ke3 Rc8 44. Ra1 Kb8 45. Ke2 Rc2 46. Kd3 Rc7 47. Rf1 Nh6
48. Bxg5 Nxg4 49. Rf7 Rd7 50. h6 Nxh6 51. Bxh6 Kc7 52. Bg5 Kd8 53. Rf8+ Kc7 54.
Re8 Kb7 55. Rxe7 Kc8 56. Rxd7 Kxd7 57. e5 Ke8 58. Ke4 Kf8 59. e6 Ke8 60. Kf5
Kf8 61. Kg6 Ke8 62. Kg7 a5 63. bxa6 b5 64. Kg6 Kf8 65. a7 Kg8 66. a8=Q# {
Hossa checkmated} 1-0

[Event "ICS rated blitz match"]
[Site "204.178.125.65"]
[Date "2001.08.06"]
[Round "?"]
[White "Hossa"]
[Black "pitel"]
[Result "0-1"]
[WhiteElo "2414"]
[BlackElo "1564"]
[PlyCount "89"]
[EventDate "2001.??.??"]

1. Nf3 Nf6 2. c4 g6 3. Nc3 Bg7 4. g3 O-O 5. Bg2 d6 6. O-O e5 7. d4 Nbd7 8. dxe5
dxe5 9. Qc2 c6 10. Rd1 Qe7 11. Bg5 h6 12. Bd2 Nb6 13. b3 e4 14. Nd4 c5 15. Ndb5
a6 16. Na3 Bf5 17. Qc1 Kh7 18. Nc2 Qe5 19. Ne3 Be6 20. Qc2 Rfd8 21. Bxe4 Rxd2
22. Bxg6+ fxg6 23. Qxd2 Ne4 24. Nxe4 Qxe4 25. Rab1 Bd4 26. Re1 Bh3 27. Qc2 Qc6
28. Nd5 Nxd5 29. cxd5 Bxf2+ 30. Kh1 Qxd5+ 31. e4 Qf7 32. Qe2 Bxe1 33. Rxe1 Re8
34. Kg1 Re5 35. Qc2 Qe7 36. Kf2 Bd7 37. Re3 Bc6 38. Qc3 Rxe4 39. Ke2 b6 40. Qc1
Bb5+ 41. Kf2 Qf6+ 42. Kg1 Rxe3 43. a3 Re2 44. Qf1 Qd4+ 45. Kh1 {Hossa resigns}
0-1

[Event "ICS rated blitz match"]
[Site "204.178.125.65"]
[Date "2001.08.06"]
[Round "?"]
[White "pob"]
[Black "Hossa"]
[Result "0-1"]
[WhiteElo "2172"]
[BlackElo "2382"]
[PlyCount "88"]
[EventDate "2001.??.??"]

1. e4 c5 2. Nf3 Nc6 3. d4 Qa5+ 4. Bd2 Qb6 5. Bc3 cxd4 6. Nxd4 Nf6 7. Nd2 Nxd4
8. Nc4 Qe6 9. Bxd4 Qxe4+ 10. Ne3 e5 11. Bc3 Bb4 12. Qd2 Bxc3 13. Qxc3 O-O 14.
Bd3 Qf4 15. O-O d5 16. Qc7 d4 17. Nc4 Ng4 18. g3 Qh6 19. h4 Qf6 20. f3 Ne3 21.
Rf2 Be6 22. Nxe5 Nd5 23. Qxb7 Qxe5 24. f4 Qe3 25. Qb3 Nxf4 26. Bxh7+ Kxh7 27.
Qxe3 Nh3+ 28. Kh2 dxe3 29. Re2 Nf2 30. Rxe3 Ng4+ 31. Kg2 Nxe3+ 32. Kf3 Nxc2 33.
Rc1 Rac8 34. g4 Nd4+ 35. Kf4 Ne2+ 36. Kf3 Nxc1 37. g5 Bd5+ 38. Kf4 Nd3+ 39. Ke3
Nxb2 40. h5 Rfe8+ 41. Kd4 Rc4+ 42. Kxd5 Rd8+ 43. Ke5 Nd3+ 44. Kf5 Rf4# {
pob checkmated} 0-1

[Event "ICS rated blitz match"]
[Site "204.178.125.65"]
[Date "2001.08.06"]
[Round "?"]
[White "Hossa"]
[Black "NewHal9000"]
[Result "0-1"]
[WhiteElo "2389"]
[BlackElo "2688"]
[PlyCount "117"]
[EventDate "2001.??.??"]

1. Nf3 Nf6 2. g3 d5 3. Bg2 c6 4. O-O Bg4 5. Ne5 Bh5 6. d4 Nbd7 7. Bf4 e6 8. Nd3
Qb6 9. c3 c5 10. dxc5 Bxc5 11. Nxc5 Nxc5 12. b3 O-O 13. Re1 Rac8 14. Qd4 Qa6
15. Nd2 Bxe2 16. c4 Bh5 17. Bg5 dxc4 18. Bxf6 gxf6 19. Nxc4 Kg7 20. Qh4 Bg6 21.
Red1 Rfd8 22. Rxd8 Rxd8 23. b4 Nd3 24. Ne3 Qb6 25. Rf1 Nxb4 26. a3 Nd3 27. Ng4
Qd4 28. Qh6+ Kh8 29. Rd1 f5 30. Ne3 f4 31. Ng4 Bf5 32. Bf1 Rg8 33. Qf6+ Qxf6
34. Nxf6 Rd8 35. g4 Bg6 36. h4 h5 37. gxh5 Bf5 38. h6 e5 39. Bxd3 Rxd3 40. Rxd3
Bxd3 41. f3 b5 42. Kf2 a5 43. Ke1 b4 44. axb4 axb4 45. Kd2 Bf5 46. Nd5 b3 47.
Kc3 Bc2 48. Nf6 e4 49. fxe4 f3 50. Ng4 Bxe4 51. Kxb3 f5 52. Nh2 f2 53. Kc3 Bg2
54. Kd4 f1=Q 55. Nxf1 Bxf1 56. Ke5 Bd3 57. Kf4 Kh7 58. Kg5 Be4 59. Kh5 {
Hossa resigns} 0-1

[Event "ICS rated blitz match"]
[Site "204.178.125.65"]
[Date "2001.08.06"]
[Round "?"]
[White "Hossa"]
[Black "CHATIN"]
[Result "1-0"]
[WhiteElo "2390"]
[BlackElo "2165"]
[PlyCount "63"]
[EventDate "2001.??.??"]

1. d4 Nf6 2. Bg5 g6 3. Bxf6 exf6 4. c4 Bg7 5. Nc3 O-O 6. e3 d6 7. Nf3 f5 8. Bd3
c5 9. O-O Nc6 10. Bc2 g5 11. dxc5 g4 12. Nd4 Nxd4 13. exd4 dxc5 14. d5 Qh4 15.
g3 Qh3 16. Qd2 Bh6 17. Qe1 Bd7 18. Qe7 f4 19. Kh1 f3 20. Rg1 Rae8 21. Qxd7 Re5
22. Bf5 Rxf5 23. Qxf5 Re8 24. Ne4 Bg7 25. Rae1 Re5 26. Qc8+ Bf8 27. Nf6+ Kg7
28. Rxe5 Kxf6 29. Qf5+ Kg7 30. Qg5+ Kh8 31. Qf6+ Kg8 32. Rg5+ {CHATIN resigns}
1-0

[Event "ICS rated blitz match"]
[Site "204.178.125.65"]
[Date "2001.08.06"]
[Round "?"]
[White "CHATIN"]
[Black "Hossa"]
[Result "1-0"]
[WhiteElo "2153"]
[BlackElo "2394"]
[PlyCount "67"]
[EventDate "2001.??.??"]

1. e4 c5 2. g3 d5 3. exd5 Qxd5 4. Nf3 Bg4 5. Bg2 Qe6+ 6. Kf1 Nc6 7. h3 Bh5 8.
d3 O-O-O 9. Be3 c4 10. d4 Qf6 11. c3 Rd7 12. Nbd2 e5 13. g4 Bg6 14. Nxc4 exd4
15. Nxd4 Bc5 16. g5 Qe7 17. Qg4 Bxd4 18. Bxd4 Nxd4 19. cxd4 Bd3+ 20. Kg1 f5 21.
Qf4 Bxc4 22. Rc1 Rc7 23. d5 Qb4 24. d6 Rc5 25. b3 h6 26. Rxc4 Rxc4 27. bxc4
Qe1+ 28. Kh2 Qe6 29. Bd5 Qg6 30. Rb1 b6 31. c5 hxg5 32. Qa4 bxc5 33. Qc6+ Kd8
34. Rb8# {Hossa checkmated} 1-0

[Event "ICS rated blitz match"]
[Site "204.178.125.65"]
[Date "2001.08.06"]
[Round "?"]
[White "Hossa"]
[Black "pitel"]
[Result "1/2-1/2"]
[WhiteElo "2378"]
[BlackElo "1663"]
[PlyCount "115"]
[EventDate "2001.??.??"]

1. d4 Nf6 2. Bg5 Ne4 3. Bc1 d5 4. Nf3 Bf5 5. g3 e6 6. Nh4 Bg6 7. Nxg6 hxg6 8.
Bg2 c5 9. dxc5 Nc6 10. Bxe4 dxe4 11. Qxd8+ Rxd8 12. Be3 Nb4 13. Na3 f6 14. c4
e5 15. O-O Rc8 16. Nb5 Nc2 17. Nxa7 Ra8 18. Nb5 Rc8 19. Rac1 Nxe3 20. fxe3 Bxc5
21. Kg2 Rc6 22. Rc3 Bb4 23. Rc2 f5 24. a3 Bc5 25. Rc3 Kd7 26. Rd1+ Ke6 27. b4
Be7 28. h3 b6 29. Rd2 g5 30. Rd1 g6 31. Rcc1 Ra8 32. Rc2 Ra4 33. Kg1 Rc8 34.
Kf2 Raa8 35. Rdd2 Rc6 36. Kg1 Rh8 37. Kg2 Rh6 38. Rd1 Rh7 39. Rdc1 Rc8 40. c5
bxc5 41. bxc5 Rc6 42. a4 Rh8 43. g4 Ra8 44. Rc4 Kd5 45. R4c2 Raa6 46. Kf2 Ra5
47. Rg1 Rxc5 48. Rcc1 f4 49. Kg2 Ke6 50. exf4 exf4 51. Rxc5 Bxc5 52. Rc1 Kd5
53. Rd1+ Kc4 54. Rc1+ Kb4 55. Rb1+ Kc4 56. Rc1+ Kb4 57. Rb1+ Kc4 58. Rc1+ {
Game drawn by repetition} 1/2-1/2

[Event "ICS rated blitz match"]
[Site "204.178.125.65"]
[Date "2001.08.06"]
[Round "?"]
[White "Hossa"]
[Black "pitel"]
[Result "1/2-1/2"]
[WhiteElo "2364"]
[BlackElo "1677"]
[PlyCount "227"]
[EventDate "2001.??.??"]

1. d4 Nf6 2. c4 e6 3. Nc3 Bb4 4. g3 c5 5. dxc5 Qc7 6. Qd3 Na6 7. Bd2 Bxc5 8.
Qf3 Nb4 9. O-O-O d5 10. a3 Nc6 11. Bf4 e5 12. Nxd5 Nxd5 13. Rxd5 Be7 14. Qc3
exf4 15. Qxg7 Rf8 16. Qxh7 Be6 17. Kb1 Bxd5 18. cxd5 Ne5 19. Nf3 Ng4 20. e4 Rc8
21. Bb5+ Kd8 22. e5 Nxe5 23. Nd4 a6 24. Be2 Bxa3 25. Qh4+ Be7 26. Qxf4 Qb6 27.
Rd1 Nd7 28. Bg4 Ba3 29. Qg5+ f6 30. Ne6+ Ke7 31. d6+ Bxd6 32. Qf5 Rc5 33. Nxc5
Nxc5 34. Qh7+ Rf7 35. Qg8 Na4 36. Rd2 Nc3+ 37. Kc1 Ne4 38. Re2 f5 39. Bh5 Rf8
40. Qg7+ Kd8 41. f3 Qc5+ 42. Kb1 Qd5 43. fxe4 fxe4 44. Re1 Qxh5 45. Qxb7 Qb5
46. Qxe4 Rf2 47. Qd4 Qf5+ 48. Re4 Kd7 49. Qa7+ Bc7 50. Qd4+ Kc8 51. Qc4 Qb5 52.
Qxb5 axb5 53. Rb4 Rxh2 54. Rxb5 Bxg3 55. Rc5+ Kd7 56. b4 Bc7 57. b5 Bb6 58. Rc6
Bd4 59. Rc2 Rh1+ 60. Rc1 Rh5 61. b6 Rb5+ 62. Kc2 Kc6 63. b7 Rxb7 64. Kd1+ Kd5
65. Ke2 Ke4 66. Rd1 Rh7 67. Kd2 Rh2+ 68. Kc1 Ra2 69. Kb1 Rb2+ 70. Kc1 Rh2 71.
Rf1 Kd3 72. Rf3+ Be3+ 73. Kb1 Rg2 74. Rh3 Re2 75. Rh1 Bg5 76. Rg1 Bh6 77. Rg3+
Be3 78. Rh3 Rg2 79. Rf3 Ke4 80. Rf1 Rd2 81. Rf6 Rh2 82. Re6+ Kd3 83. Rf6 Bg5
84. Rf3+ Ke4 85. Rg3 Bf4 86. Rg1 Be5 87. Re1+ Kd5 88. Rd1+ Bd4 89. Rf1 Be3 90.
Rf5+ Kd4 91. Rf3 Re2 92. Rf1 Rg2 93. Rd1+ Kc5 94. Re1 Bg5 95. Re5+ Kd4 96. Rf5
Ke4 97. Rf1 Rd2 98. Re1+ Be3 99. Rh1 Rf2 100. Rh4+ Bf4 101. Rh3 Kd4 102. Ra3
Kd5 103. Rd3+ Ke5 104. Ka1 Ke4 105. Rh3 Kd4 106. Kb1 Bg5 107. Rg3 Bh6 108. Rg4+
Kd3 109. Rh4 Bd2 110. Rh3+ Kc4 111. Kc2 Bf4+ 112. Kd1 Bg3 113. Ke1 Rg2+ 114.
Kf1 {Game drawn by the 50 move rule} 1/2-1/2

[Event "ICS rated blitz match"]
[Site "204.178.125.65"]
[Date "2001.08.06"]
[Round "?"]
[White "pitel"]
[Black "Hossa"]
[Result "1-0"]
[WhiteElo "1692"]
[BlackElo "2349"]
[PlyCount "152"]
[EventDate "2001.??.??"]

1. e4 c5 2. Nf3 g6 3. d4 cxd4 4. Nxd4 Bg7 5. c4 Nf6 6. Nc3 O-O 7. Be2 Nc6 8.
Be3 Nxd4 9. Bxd4 d6 10. O-O b6 11. b3 Bb7 12. f3 Bh6 13. Qc2 Nh5 14. g3 Qd7 15.
f4 Bg7 16. Bxg7 Nxg7 17. Nd5 f5 18. Bf3 e6 19. Ne3 Rab8 20. Qd3 fxe4 21. Bxe4
Bxe4 22. Qxe4 Nh5 23. Ng4 Nf6 24. Nxf6+ Rxf6 25. Rad1 Rd8 26. Rfe1 Qc7 27. Re3
Qc5 28. Qd4 Qf5 29. Kg2 h6 30. Qd3 Qc5 31. Qe2 Qc6+ 32. Kg1 Re8 33. Rd4 Re7 34.
Qd2 e5 35. fxe5 dxe5 36. Rd5 e4 37. Qd4 Rfe6 38. Rd8+ Re8 39. Rd7 R8e7 40. Rd5
Kh7 41. h3 a6 42. Kg2 Qc7 43. a3 Qc6 44. Kh2 a5 45. a4 h5 46. h4 Qc7 47. Rd8
Rg7 48. Rf8 Qe5 49. Qxe5 Rxe5 50. Rf6 Rb7 51. Kh3 Kg7 52. Rd6 Kh6 53. g4 Kh7
54. Kg3 hxg4 55. Kf4 Re8 56. Kxg4 Kg7 57. Kg5 Re5+ 58. Kf4 Rh5 59. Kxe4 Rb8 60.
Rh3 Rf5 61. Rg3 Rf6 62. Kd5 Rf5+ 63. Ke6 Rb7 64. Rd7+ Rxd7 65. Kxd7 Kf7 66. Kc7
Rf6 67. Rg5 Kf8 68. Rb5 Kf7 69. Rxb6 Rf4 70. c5 Ke7 71. c6 Rf7 72. Kb8 Rf8+ 73.
Kb7 Rh8 74. c7 Kd7 75. Rxg6 Ke7 76. c8=Q Rxc8 {Hossa resigns} 1-0

[Event "ICS rated blitz match"]
[Site "204.178.125.65"]
[Date "2001.08.06"]
[Round "?"]
[White "Hossa"]
[Black "pitel"]
[Result "0-1"]
[WhiteElo "2318"]
[BlackElo "1770"]
[PlyCount "99"]
[EventDate "2001.??.??"]

1. Nf3 Nf6 2. c4 g6 3. g3 Bg7 4. Bg2 O-O 5. O-O d6 6. Nc3 e5 7. d4 Nbd7 8. h3
c6 9. d5 cxd5 10. cxd5 Qb6 11. Rb1 Qa6 12. Bg5 h6 13. Be3 Nb6 14. b3 Bf5 15.
Rc1 g5 16. h4 g4 17. Ne1 Rac8 18. Qd2 Kh7 19. a4 Qa5 20. Nd3 Rc7 21. b4 Qa6 22.
Bxb6 Qxb6 23. a5 Qa6 24. Nb2 Rfc8 25. e4 Bg6 26. Rfe1 b5 27. Nbd1 Qb7 28. Ne3
a6 29. Rf1 Qa7 30. Qb2 h5 31. Rfe1 Bh6 32. Rc2 Qd4 33. Ned1 Kg7 34. Ree2 Rc4
35. Re1 Rxb4 36. Qa3 Qc5 37. Kh2 Rd4 38. Nxb5 Qxc2 39. Nxd4 Qd2 40. Rf1 Qxd4
41. Qxd6 Rc1 42. Ne3 Rxf1 43. Nxf1 Qxf2 44. Qb6 Qe2 45. Kg1 Bxe4 46. Qf2 Qxf2+
47. Kxf2 Bxg2 48. Kxg2 Nxd5 49. Kf2 e4 50. Ke2 {Hossa resigns} 0-1

[Event "ICS rated blitz match"]
[Site "204.178.125.65"]
[Date "2001.08.06"]
[Round "?"]
[White "Hossa"]
[Black "poderIII"]
[Result "1-0"]
[WhiteElo "2296"]
[BlackElo "2045"]
[PlyCount "79"]
[EventDate "2001.??.??"]

1. e4 c5 2. Nf3 Nc6 3. d4 cxd4 4. c3 dxc3 5. Nxc3 e6 6. Bc4 a6 7. O-O d6 8. Bf4
Nf6 9. Qd2 e5 10. Bg5 Be7 11. Rfd1 Bg4 12. Be2 Bxf3 13. Bxf3 Nd4 14. Bxf6 Bxf6
15. Nd5 O-O 16. Qd3 Rc8 17. Bg4 Rc5 18. b4 Rc2 19. Rac1 Rxa2 20. Qb1 Ra4 21.
Rc8 Qxc8 22. Bxc8 Rxc8 23. Nb6 Ne2+ 24. Kf1 Nc3 25. Rc1 Rc6 26. Rxc3 Rxc3 27.
Nxa4 Rc4 28. Nb6 Rc6 29. Nd5 Bg5 30. Ke2 g6 31. b5 axb5 32. Qxb5 Kg7 33. Qxb7
Rc2+ 34. Kf3 h5 35. Qd7 Bh4 36. g3 Bg5 37. Qxd6 f6 38. Qe7+ Kh6 39. Qf8+ Kh7
40. Ne7 {poderIII resigns} 1-0

[Event "ICS rated blitz match"]
[Site "204.178.125.65"]
[Date "2001.08.06"]
[Round "?"]
[White "SSM"]
[Black "Hossa"]
[Result "0-1"]
[WhiteElo "2258"]
[BlackElo "2302"]
[PlyCount "124"]
[EventDate "2001.??.??"]

1. e4 c5 2. c3 d6 3. d4 Nf6 4. Bd3 cxd4 5. cxd4 e5 6. dxe5 dxe5 7. Nf3 Bd6 8.
O-O O-O 9. Bg5 h6 10. Bh4 Nc6 11. h3 Be6 12. Nc3 Nb4 13. Bb1 Bc4 14. Re1 Rc8
15. a3 Nc6 16. Bc2 Nd4 17. Nxd4 exd4 18. Nd5 g5 19. Bg3 Bxg3 20. fxg3 Bxd5 21.
exd5 Qxd5 22. Qd3 Qd6 23. Rad1 Rfd8 24. Rf1 Rc7 25. Rf2 Qa6 26. Qxa6 bxa6 27.
Bd3 Nd5 28. Bxa6 Ne3 29. Rdd2 Rc1+ 30. Kh2 f5 31. g4 fxg4 32. Bd3 gxh3 33. gxh3
Kg7 34. b4 Rc3 35. a4 Rb3 36. b5 Ra3 37. Rf3 h5 38. Rdf2 Rxd3 39. Rf7+ Kg8 40.
Rxa7 g4 41. Rff7 Rd2+ 42. Kg3 Rg2+ 43. Kh4 gxh3 44. Kxh3 Rg5 45. b6 Nc4 46. a5
d3 47. Rfd7 Rxd7 48. Rxd7 Nxa5 49. b7 Nxb7 50. Rxb7 Rd5 51. Rb1 d2 52. Rd1 Kf7
53. Kg3 h4+ 54. Kf3 h3 55. Kg3 Rd3+ 56. Kh2 Kf6 57. Rf1+ Ke5 58. Rd1 Kd4 59.
Rf1 d1=Q 60. Rf4+ Ke3 61. Rf3+ Qxf3 62. Kg1 Qg2# {SSM checkmated} 0-1

[Event "ICS rated blitz match"]
[Site "204.178.125.65"]
[Date "2001.08.06"]
[Round "?"]
[White "Hossa"]
[Black "pitel"]
[Result "0-1"]
[WhiteElo "2316"]
[BlackElo "1847"]
[PlyCount "130"]
[EventDate "2001.??.??"]

1. Nf3 Nf6 2. c3 d5 3. d4 Bf5 4. e3 e6 5. c4 Bb4+ 6. Bd2 a5 7. cxd5 exd5 8.
Bxb4 axb4 9. Bd3 Be4 10. O-O O-O 11. Bxe4 dxe4 12. Ne5 Nd5 13. Qc2 f6 14. Nc4
Re8 15. Qe2 Qd7 16. Ncd2 Qf7 17. Nb3 f5 18. Nc5 b6 19. Nb3 Nd7 20. N1d2 Ra7 21.
Qc4 Rea8 22. Nc1 c5 23. Rd1 Ra4 24. dxc5 bxc5 25. Ndb3 N5f6 26. Qe2 g6 27. Rb1
R4a6 28. Qc2 c4 29. Nd4 Ne5 30. Rf1 Nd3 31. b3 Nxc1 32. Rbxc1 c3 33. a4 Nd7 34.
Rcd1 Nc5 35. Ra1 Rd6 36. Rad1 Raa6 37. g3 Rd5 38. f3 exf3 39. Rxf3 Rd7 40. g4
Qd5 41. gxf5 Nxb3 42. Rff1 Nc5 43. Ne6 Qe5 44. Nxc5 Rxd1 45. Rxd1 Qxc5 46. Rd4
Rb6 47. fxg6 hxg6 48. Qb3+ Kg7 49. Qc4 Qxc4 50. Rxc4 b3 51. a5 b2 52. Rc7+ Kf6
53. axb6 b1=Q+ 54. Kf2 Qxb6 55. Rc4 Qb2+ 56. Kf3 c2 57. Rc5 c1=Q 58. Rxc1 Qxc1
59. h3 Ke5 60. Kf2 Ke4 61. Kg2 Qxe3 62. h4 Qf3+ 63. Kh2 Qf2+ 64. Kh3 Kf4 65. h5
Qg3# {Hossa checkmated} 0-1

[Event "ICS rated blitz match"]
[Site "204.178.125.65"]
[Date "2001.08.06"]
[Round "?"]
[White "Hossa"]
[Black "pitel"]
[Result "1/2-1/2"]
[WhiteElo "2286"]
[BlackElo "1877"]
[PlyCount "144"]
[EventDate "2001.??.??"]

1. d4 Nf6 2. c4 e6 3. Nc3 Bb4 4. Qc2 O-O 5. e4 d5 6. e5 Ne4 7. Bd3 c5 8. cxd5
exd5 9. Nge2 Nc6 10. O-O Bf5 11. f3 Nxc3 12. bxc3 Bxd3 13. Qxd3 Ba5 14. Ba3 b6
15. f4 Rc8 16. f5 Re8 17. f6 cxd4 18. cxd4 Qd7 19. fxg7 Nb4 20. Bxb4 Bxb4 21.
Nf4 Rc3 22. Qe2 Rec8 23. Nh5 Qe6 24. Rf6 Rc1+ 25. Rxc1 Rxc1+ 26. Kf2 Qc8 27. e6
fxe6 28. Rxe6 Rc2 29. Re8+ Qxe8 30. Nf6+ Kf7 31. Nxe8 Rxe2+ 32. Kxe2 Ba3 33.
Kd3 Be7 34. g3 Bg5 35. a4 Bh6 36. Nf6 Bxg7 37. Nxd5 Ke6 38. Ke4 Bh6 39. Nc3 Kd7
40. Kd5 Be3 41. Ke5 a6 42. Nd5 Bg1 43. h3 b5 44. axb5 axb5 45. Nf6+ Ke7 46.
Nxh7 b4 47. Nf6 b3 48. Nd5+ Kf7 49. Nc3 Bf2 50. Kd5 Be1 51. Nd1 Bxg3 52. Ke4
Bh4 53. Nb2 Kg6 54. Nd3 Be7 55. Ne5+ Kg5 56. Nf3+ Kf6 57. Nd2 b2 58. d5 Bb4 59.
Nb1 Bf8 60. h4 Ke7 61. Kd3 Kd6 62. Kd4 Bg7+ 63. Kc4 Bf6 64. h5 Bg7 65. Nd2 Bh6
66. Ne4+ Kd7 67. Nc3 Bg7 68. Nb1 Kd6 69. Nd2 Bh6 70. Ne4+ Ke7 71. Nc3 Bg7 72.
Nb1 Kd6 {Game drawn by repetition} 1/2-1/2

[Event "ICS rated blitz match"]
[Site "204.178.125.65"]
[Date "2001.08.06"]
[Round "?"]
[White "SSM"]
[Black "Hossa"]
[Result "0-1"]
[WhiteElo "2269"]
[BlackElo "2273"]
[PlyCount "44"]
[EventDate "2001.??.??"]

1. e4 c5 2. Nf3 Nc6 3. Bb5 e6 4. c3 a6 5. Bxc6 bxc6 6. d4 cxd4 7. cxd4 d5 8.
Ne5 dxe4 9. O-O Bb7 10. Nc3 Nf6 11. Bg5 Be7 12. Bxf6 gxf6 13. Nc4 f5 14. f3 c5
15. dxc5 Bxc5+ 16. Kh1 exf3 17. gxf3 Rg8 18. Ne5 Ke7 19. Qb3 Qc7 20. Rae1 Rad8
21. h4 Rd4 22. Nxf7 Rxh4# {SSM checkmated} 0-1

[Event "ICS rated blitz match"]
[Site "204.178.125.65"]
[Date "2001.08.06"]
[Round "?"]
[White "Hossa"]
[Black "Tinker"]
[Result "0-1"]
[WhiteElo "2289"]
[BlackElo "2439"]
[PlyCount "93"]
[EventDate "2001.??.??"]

1. e4 c5 2. Nf3 d6 3. Bb5+ Bd7 4. Bxd7+ Qxd7 5. O-O Nc6 6. d3 e6 7. b3 Be7 8.
Bb2 Nf6 9. c4 O-O 10. Nc3 d5 11. exd5 exd5 12. d4 Qf5 13. cxd5 Nxd5 14. Nxd5
Qxd5 15. dxc5 Rfd8 16. Qxd5 Rxd5 17. Rfd1 Rxd1+ 18. Rxd1 Bxc5 19. Kf1 Rd8 20.
Rxd8+ Nxd8 21. Ne5 f6 22. Nd3 Bd6 23. Ke2 Kf7 24. Ke3 Nc6 25. f4 Ke6 26. g4 Kd5
27. Bc3 Bc7 28. h3 Bb6+ 29. Kf3 Nd4+ 30. Bxd4 Kxd4 31. Nb2 Bc5 32. h4 b6 33. h5
b5 34. Ke2 Ke4 35. Nd3 Bd6 36. f5 b4 37. Nf2+ Kf4 38. Kf1 Kf3 39. g5 fxg5 40.
Nd1 g4 41. Nb2 g3 42. Nd3 g2+ 43. Kg1 Kg3 44. a3 bxa3 45. h6 a2 46. hxg7 a1=Q+
47. Nc1 {Hossa resigns} 0-1

[Event "ICS rated blitz match"]
[Site "204.178.125.65"]
[Date "2001.08.06"]
[Round "?"]
[White "Tinker"]
[Black "Hossa"]
[Result "0-1"]
[WhiteElo "2448"]
[BlackElo "2280"]
[PlyCount "134"]
[EventDate "2001.??.??"]

1. e4 c5 2. Nf3 Nc6 3. d4 Qa5+ 4. c3 cxd4 5. b4 Qc7 6. b5 Na5 7. cxd4 d5 8.
exd5 Nf6 9. Ne5 Nxd5 10. Bd2 e6 11. Qg4 g6 12. Be2 f6 13. Nd3 Nc4 14. O-O Bd6
15. Qh4 Nxd2 16. Nxd2 Qc2 17. Ne4 Be7 18. Ng3 Nc3 19. Nf4 f5 20. Qh3 Bf6 21.
Bd3 Qd2 22. Nge2 Bxd4 23. Rac1 Nxe2+ 24. Nxe2 Bb6 25. Qg3 Qxa2 26. Qe5 O-O 27.
Nf4 Rf7 28. Rc3 Qa5 29. Rfc1 Bd7 30. R3c2 a6 31. Ra1 Qb4 32. Nxe6 Re8 33. Bc4
axb5 34. Bd5 f4 35. Rca2 f3 36. gxf3 Qe7 37. Ra8 h6 38. Rxe8+ Qxe8 39. Qd6 Bc6
40. Ng5 Bxd5 41. Qxg6+ Kf8 42. Nxf7 Qxf7 43. Qd6+ Kg8 44. Ra8+ Kh7 45. Qxb6
Qg7+ 46. Kf1 Bc4+ 47. Ke1 Qc3+ 48. Kd1 Bd5 49. Rf8 Qb3+ 50. Ke2 Bc4+ 51. Kd2
Qb2+ 52. Ke3 Qa3+ 53. Ke4 Qe7+ 54. Kd4 Qxf8 55. Qxb7+ Kh8 56. Ke3 Qa3+ 57. Ke4
Qd3+ 58. Ke5 Qe2+ 59. Qe4 Qxf2 60. Qf4 Qc5+ 61. Ke4 Qd5+ 62. Ke3 Qd3+ 63. Kf2
Qf1+ 64. Kg3 Qg1+ 65. Kh4 Qg5+ 66. Qxg5 hxg5+ 67. Kg3 b4 {Tinker resigns} 0-1

[Event "ICS rated blitz match"]
[Site "204.178.125.65"]
[Date "2001.08.06"]
[Round "?"]
[White "Hossa"]
[Black "ChesterX"]
[Result "1/2-1/2"]
[WhiteElo "2303"]
[BlackElo "2764"]
[PlyCount "99"]
[EventDate "2001.??.??"]

1. e4 c6 2. d4 d5 3. Nc3 dxe4 4. Nxe4 Nd7 5. Nf3 Ngf6 6. Nxf6+ Nxf6 7. c3 Bg4
8. h3 Bh5 9. Be2 Bxf3 10. Bxf3 e6 11. O-O Bd6 12. g3 O-O 13. Bh1 e5 14. Bg5 h6
15. Bxf6 Qxf6 16. dxe5 Bxe5 17. Qh5 Rad8 18. Rad1 Bc7 19. Be4 Rfe8 20. Qg4 h5
21. Rxd8 Bxd8 22. Qf3 Qe6 23. Re1 g6 24. Kg2 Rf8 25. Ra1 h4 26. Bc2 hxg3 27.
Bb3 Qe7 28. fxg3 Bb6 29. a4 Re8 30. Bc4 Rd8 31. Rf1 Rd2+ 32. Kh1 Rf2 33. Rxf2
Bxf2 34. Qxf2 Qe4+ 35. Kg1 Qxc4 36. Qxa7 Qe2 37. Qf2 Qd1+ 38. Kg2 Qxa4 39. Qe2
Qb3 40. c4 Kf8 41. g4 g5 42. Qd2 f6 43. Qd8+ Kf7 44. Qd7+ Kg6 45. Qe8+ Kg7 46.
Qe7+ Kg6 47. Qe8+ Kg7 48. Qe7+ Kg6 49. Qe8+ Kg7 50. Qe7+ {
Game drawn by repetition} 1/2-1/2